000 00292nam a2200109Ia 4500
008 230222s9999 xx 000 0 und d
100 _aVelayudhan Pillai P V
245 2 _aA R Rajaraja Varma (Malayalam)
250 _a1
260 _bUniversity Of Kerala Thiruvananthapuram
_c1993
942 _cBK
999 _c32485
_d32485